000 00646nam a22002057a 4500
999 _c8884
_d8884
003 AR-CdUCM
008 190326b ||||| |||| 00| 0 spa d
040 _aMUNICIPALIDAD PROVINCIAL DEL CUSCO
_cBIBLIOTECA MUNICIPAL DEL CUSCO
082 _a869.75 /
_bR21
100 _aRamon Medina, Jose
_924699
245 _aMemorias y Elegias /
260 _aCaracas :
_bArte ,
_c1960.
300 _a107 páginas ;
_c22 cm.
500 _aContiene dedicatoria del mismo autor del libro a Luis Nieto.
650 _aPoesia Peruana
_924700
650 _aPoesia Latinoamericana
_92147
650 _aPoesia Retorica
_92800
942 _2ddc
_cLIBROS
945 _artm